| 000 | 00399nam a2200169Ia 4500 | ||
|---|---|---|---|
| 999 |
_c22285 _d22285 |
||
| 003 | 0100 | ||
| 005 | 20190430111902.0 | ||
| 008 | 130303s9999 xx 000 0 und d | ||
| 040 | _cARRUPELIB | ||
| 050 | _aBV215.B371987 | ||
| 100 |
_aBarry, William A. _941562 |
||
| 245 |
_aGod and You _bprayer as a personal relationship _cWilliam A. Barry |
||
| 260 |
_aMahwah, New Jersey _bPaulist Press _c1987 |
||
| 300 |
_a83p. ; _c21cm. |
||
| 650 |
_aPrayer _946133 |
||
| 650 |
_aSpiritual life _xCatholic authors _95665 |
||
| 942 |
_2lcc _cMONOGRAPH |
||